[Event "Recife Arraes Memorial 6th"]
[Site "Recife"]
[Date "2013.06.08"]
[Round "4"]
[White "De Almeida, Benone Lopes Jr"]
[Black "Souza, Marcos Valerio"]
[Result "1-0"]
[WhiteElo "2193"]
[BlackElo "2040"]
[PlyCount "47"]
[EventDate "2013.06.06"]
[EventType "swiss"]
[EventRounds "7"]
[EventCountry "BRA"]
[SourceTitle "EXT 2014"]
[Source "ChessBase"]
[SourceDate "2013.11.20"]
[SourceVersion "1"]
[SourceVersionDate "2013.11.20"]
[SourceQuality "1"]

1. e4 e6 2. d4 d5 3. Nc3 Nf6 4. e5 Nfd7 5. f4 c5 6. Nf3 Nc6 7. Be3 cxd4 8. Nxd4 Qb6 9. Qd2 Qxb2 10. Rb1 Qa3 11. Ndb5 Qa5 12. Nxd5 Qxa2 13. Nbc7+ Kd8 14. Nc3 Qa5 15. Nxa8 Bb4 16. Rb3 Ke7 17. Bb5 Rd8 18. Rxb4 Qxb4 19. Bxc6 Kf8 20. Be4 Qa5 21. Qd6+ Kg8 22. Qc7 Qxc7 23. Nxc7 a6 24. Na8 1-0

[Event "Recife Dokmus op"]
[Site "Recife"]
[Date "2013.01.20"]
[Round "7"]
[White "Rocha, Vitor Firmo de Souz"]
[Black "De Almeida, Benone Lopes Jr"]
[Result "0-1"]
[WhiteElo "1970"]
[BlackElo "2184"]
[PlyCount "106"]
[EventDate "2013.01.17"]
[EventType "swiss"]
[EventRounds "7"]
[EventCountry "BRA"]
[SourceTitle "CBM 152 Extra"]
[Source "ChessBase"]
[SourceDate "2013.02.25"]
[SourceVersion "1"]
[SourceVersionDate "2013.02.25"]
[SourceQuality "1"]

1. f4 g6 2. Nf3 c5 3. g3 Bg7 4. Bg2 Nf6 5. 0-0 d6 6. Nc3 0-0 7. e4 Nc6 8. d3 Rb8 9. a4 a6 10. h3 b5 11. axb5 axb5 12. Be3 b4 13. Ne2 Ne8 14. Qc1 e6 15. e5 Qb6 16. d4 dxe5 17. dxe5 Nc7 18. Nd2 Ba6 19. Re1 Nd5 20. Bf2 Bxe2 21. Rxe2 Qb5 22. Re4 Rfc8 23. Nc4 Bf8 24. Bf1 Qb7 25. Nd6 Bxd6 26. Ba6 Qb6 27. Bxc8 Bf8 28. Ba6 Nd4 29. Bc4 Qc6 30. Bxd4 cxd4 31. Bxd5 Qxd5 32. Qe1 Rc8 33. Re2 b3 34. Rc1 Qc5 35. Kh2 d3 36. Re3 Qxc2+ 37. Rxc2 Rxc2+ 38. Kh1 d2 39. Qe2 Rc1+ 40. Kg2 d1Q 41. Qxd1 Rxd1 42. Rxb3 Rd4 43. Kf3 Rb4 44. Rxb4 Bxb4 45. g4 Kg7 46. Ke4 h5 47. Kd3 hxg4 48. hxg4 Kf8 49. Ke4 Ke7 50. f5 gxf5+ 51. gxf5 exf5+ 52. Kxf5 Bd2 53. b3 Bc3 0-1

[Event "Serra Talhada op"]
[Site "Serra Talhada"]
[Date "2012.11.15"]
[Round "2"]
[White "Lima, Luiz Alexandre de S"]
[Black "De Almeida, Benone Lopes Jr"]
[Result "0-1"]
[WhiteElo "1957"]
[BlackElo "2194"]
[PlyCount "44"]
[EventDate "2012.11.15"]
[EventType "swiss"]
[EventRounds "7"]
[EventCountry "BRA"]
[SourceTitle "CBM 151 Extra"]
[Source "ChessBase"]
[SourceDate "2012.12.18"]
[SourceVersion "1"]
[SourceVersionDate "2012.12.18"]
[SourceQuality "1"]

1. d4 Nf6 2. Nc3 c5 3. Nf3 cxd4 4. Nxd4 Nc6 5. e4 e5 6. Ndb5 d6 7. Bg5 a6 8. Na3 b5 9. Bxf6 gxf6 10. Nd5 Bg7 11. c3 f5 12. Bd3 Be6 13. Qh5 h6 14. c4 Qa5+ 15. Kf1 fxe4 16. Bxe4 0-0 17. cxb5 f5 18. Qg6 fxe4 19. Qxe6+ Kh8 20. bxc6 Qd2 21. f3 exf3 22. gxf3 Rxf3+ 0-1

[Event "Carvalho Memorial op"]
[Site "Juazeiro do Norte"]
[Date "2012.10.14"]
[Round "6"]
[White "De Souza, Rafael Cabral"]
[Black "De Almeida, Benone Lopes Jr"]
[Result "0-1"]
[WhiteElo "2122"]
[BlackElo "2190"]
[PlyCount "74"]
[EventDate "2012.10.12"]
[EventType "swiss"]
[EventRounds "6"]
[EventCountry "BRA"]
[SourceTitle "EXT 2013"]
[Source "ChessBase"]
[SourceDate "2012.11.22"]
[SourceVersion "1"]
[SourceVersionDate "2012.11.22"]
[SourceQuality "1"]

1. e4 c5 2. Nf3 Nc6 3. d4 cxd4 4. Nxd4 Nf6 5. Nc3 e5 6. Ndb5 d6 7. Bg5 a6 8. Na3 b5 9. Nd5 Be7 10. Bxf6 Bxf6 11. c3 0-0 12. Nc2 Bg5 13. a4 bxa4 14. Rxa4 a5 15. Bc4 Rb8 16. b3 Kh8 17. 0-0 g6 18. Qd3 f5 19. Rd1 fxe4 20. Qxe4 Bf5 21. Qe2 Bxc2 22. Qxc2 Ne7 23. Nxe7 Bxe7 24. Rd5 Qb6 25. Rb5 Qc6 26. Rbxa5 Bd8 27. Bd5 Qb6 28. b4 Bg5 29. Ra6 Qc7 30. Ra7 Qb6 31. c4 Rxf2 32. c5 Rxc2 33. cxb6 Be3+ 34. Kf1 Bxb6 35. Rf7 Rd2 36. Be6 e4 37. Ke1 e3 0-1

[Event "Recife Arraes Memorial 5th"]
[Site "Recife"]
[Date "2012.09.06"]
[Round "1"]
[White "De Almeida, Benone Lopes Jr"]
[Black "Da Silva, Antonio Dutra"]
[Result "1-0"]
[WhiteElo "2172"]
[BlackElo "1764"]
[PlyCount "81"]
[EventDate "2012.09.06"]
[EventType "swiss"]
[EventRounds "7"]
[EventCountry "BRA"]
[SourceTitle "EXT 2013"]
[Source "ChessBase"]
[SourceDate "2012.11.22"]
[SourceVersion "1"]
[SourceVersionDate "2012.11.22"]
[SourceQuality "1"]

1. e4 c5 2. Nf3 d6 3. d4 cxd4 4. Nxd4 Nf6 5. f3 e5 6. Nb3 Be6 7. Be3 Nc6 8. c4 b6 9. Be2 Be7 10. Qd2 Qc7 11. Nc3 a6 12. Rc1 Nd7 13. Nd5 Qd8 14. 0-0 Nc5 15. Rfd1 Bxd5 16. cxd5 Nb8 17. Qb4 0-0 18. Nd2 Nbd7 19. a4 f5 20. exf5 Rxf5 21. Qa3 Bg5 22. Nc4 Bxe3+ 23. Nxe3 Rf7 24. b4 Nb7 25. Rc6 Nf6 26. Nc4 Rc7 27. Qe3 Nxd5 28. Qd2 Ne7 29. Rxb6 Rd7 30. a5 Qc7 31. Nxe5 Rdd8 32. Ng4 d5 33. Qg5 Rd6 34. Nh6+ Kf8 35. Qf4+ Ke8 36. Qf7+ Kd7 37. Nf5 Rxb6 38. Qxe7+ Kc8 39. Qxc7+ Kxc7 40. axb6+ Kxb6 41. Rxd5 1-0

[Event "Paraiban-ch op"]
[Site "Joao Pessoa"]
[Date "2012.08.05"]
[Round "6"]
[White "De Almeida, Benone Lopes Jr"]
[Black "Macedo, Maximo Iack Miranda"]
[Result "1/2-1/2"]
[WhiteElo "2155"]
[BlackElo "2404"]
[PlyCount "85"]
[EventDate "2012.08.03"]
[EventType "swiss"]
[EventRounds "6"]
[EventCountry "BRA"]
[SourceTitle "EXT 2014"]
[Source "ChessBase"]
[SourceDate "2013.11.20"]
[SourceVersion "1"]
[SourceVersionDate "2013.11.20"]
[SourceQuality "1"]

1. c4 e6 2. Nc3 d5 3. Nf3 d4 4. Nb1 Nc6 5. g3 e5 6. d3 Bb4+ 7. Nfd2 a5 8. a3 Be7 9. Bg2 Nf6 10. Nf3 h6 11. e3 dxe3 12. Bxe3 Ng4 13. Nc3 0-0 14. Qd2 f5 15. h3 Nxe3 16. fxe3 Be6 17. Nd5 Bxd5 18. cxd5 Qxd5 19. Nd4 e4 20. dxe4 fxe4 21. 0-0-0 Bg5 22. Kb1 Nxd4 23. Qxd4 Qxd4 24. Rxd4 Rf2 25. Bxe4 Bf6 26. Rd7 Rxb2+ 27. Kc1 c6 28. Bg6 b5 29. Rhd1 Rh2 30. Rc7 a4 31. Rxc6 b4 32. Rc2 Rxc2+ 33. Kxc2 b3+ 34. Kb1 Be7 35. Kb2 Rf8 36. h4 Rf2+ 37. Kc3 Bxa3 38. Rd8+ Rf8 39. Rd4 Rc8+ 40. Rc4 Bb4+ 41. Kxb4 Rxc4+ 42. Kxc4 b2 43. Kb4 1/2-1/2

[Event "Paraiban-ch op"]
[Site "Joao Pessoa"]
[Date "2012.08.03"]
[Round "1"]
[White "De Almeida, Benone Lopes Jr"]
[Black "Born, Ary"]
[Result "1-0"]
[WhiteElo "2155"]
[BlackElo "1444"]
[PlyCount "53"]
[EventDate "2012.08.03"]
[EventType "swiss"]
[EventRounds "6"]
[EventCountry "BRA"]
[SourceTitle "EXT 2014"]
[Source "ChessBase"]
[SourceDate "2013.11.20"]
[SourceVersion "1"]
[SourceVersionDate "2013.11.20"]
[SourceQuality "1"]

1. e4 e6 2. d4 d5 3. Nc3 Bb4 4. e5 c5 5. Bd2 cxd4 6. Nb5 Nc6 7. Bxb4 Nxb4 8. a3 Nc6 9. f4 Nge7 10. Nd6+ Kf8 11. Nf3 Qa5+ 12. b4 Qc7 13. Bd3 f5 14. 0-0 Bd7 15. b5 Na5 16. Nxd4 Nc4 17. Qh5 Nxd6 18. exd6 Qxd6 19. Kh1 Ng6 20. Qg5 Rc8 21. Rae1 Qxa3 22. Nxe6+ Kg8 23. Bxf5 Qb4 24. Nxg7 Bxf5 25. Nxf5 Qxb5 26. Qf6 Qd7 27. Nh6# 1-0

[Event "Recife CBX"]
[Site "Recife"]
[Date "2011.08.14"]
[Round "8"]
[White "Molina, Jorge"]
[Black "De Almeida, Benone Lopes Jr"]
[Result "0-1"]
[WhiteElo "2187"]
[BlackElo "2176"]
[PlyCount "70"]
[EventDate "2011.08.09"]
[EventType "tourn"]
[EventRounds "9"]
[EventCountry "BRA"]
[SourceTitle "CBM 143 Extra"]
[Source "ChessBase"]
[SourceDate "2011.08.29"]
[SourceVersion "1"]
[SourceVersionDate "2011.08.29"]
[SourceQuality "1"]

1. Nf3 Nf6 2. c4 g6 3. Nc3 Bg7 4. e4 d6 5. d4 0-0 6. Be2 e5 7. dxe5 dxe5 8. Qxd8 Rxd8 9. Bg5 Re8 10. Nd5 Nxd5 11. cxd5 f6 12. Be3 f5 13. Nd2 c6 14. Bc4 Kh8 15. f3 b5 16. Bb3 a5 17. a4 Bb7 18. dxc6 Bxc6 19. axb5 Bxb5 20. Nc4 Bf8 21. Kf2 f4 22. Bd2 Bc5+ 23. Ke1 Nc6 24. Na3 Ba6 25. Rc1 Nb4 26. Bc4 Bd4 27. Bxa6 Rxa6 28. Bxb4 axb4 29. Nc4 Rc8 30. Ke2 b3 31. Rhd1 Rac6 32. Rxd4 exd4 33. Kd3 Kg7 34. Kxd4 Rd8+ 35. Kc3 Rxc4+ 0-1

[Event "Recife CBX"]
[Site "Recife"]
[Date "2011.08.11"]
[Round "3"]
[White "De Almeida, Benone Lopes Jr"]
[Black "Miranda Neto, Jayme Amorim"]
[Result "1/2-1/2"]
[WhiteElo "2176"]
[BlackElo "2077"]
[PlyCount "53"]
[EventDate "2011.08.09"]
[EventType "tourn"]
[EventRounds "9"]
[EventCountry "BRA"]
[SourceTitle "CBM 143 Extra"]
[Source "ChessBase"]
[SourceDate "2011.08.29"]
[SourceVersion "1"]
[SourceVersionDate "2011.08.29"]
[SourceQuality "1"]

1. Nf3 Nf6 2. c4 e6 3. e3 d5 4. b3 Be7 5. Bb2 0-0 6. Be2 Nbd7 7. 0-0 b6 8. Qc2 Bb7 9. d3 c5 10. Nbd2 Qc7 11. Rac1 Rac8 12. Qb1 Qb8 13. Qa1 Bd6 14. Rfe1 Rfe8 15. Bf1 Rcd8 16. g3 e5 17. cxd5 Bxd5 18. e4 Bb7 19. Nc4 Bc7 20. a4 Ba6 21. Ncxe5 Nxe5 22. Nxe5 Bxe5 23. Bxe5 Qxe5 24. d4 Qxd4 25. Bxa6 Qxa1 26. Rxa1 Nxe4 27. Bb5 1/2-1/2

[Event "Natal op 6th"]
[Site "Natal"]
[Date "2009.02.20"]
[Round "1"]
[White "De Almeida, Benone Lopes Jr"]
[Black "Kosminsky, Ellen"]
[Result "1-0"]
[WhiteElo "2176"]
[BlackElo "1616"]
[PlyCount "31"]
[EventDate "2009.02.20"]
[EventType "swiss"]
[EventRounds "8"]
[EventCountry "BRA"]
[SourceTitle "CBM 129 Extra"]
[Source "ChessBase"]
[SourceDate "2009.05.05"]
[SourceVersion "2"]
[SourceVersionDate "2009.05.20"]
[SourceQuality "1"]

1. e4 e5 2. Nf3 Nc6 3. Bc4 Bc5 4. b4 Nxb4 5. 0-0 Nc6 6. c3 Nf6 7. d4 Bb6 8. dxe5 Nxe4 9. Qd5 0-0 10. Qxe4 Re8 11. Ng5 g6 12. Nxf7 d5 13. Nxd8 Rxe5 14. Bxd5+ Kg7 15. Qf4 Rxd5 16. Qf7+ 1-0

[Event "Natal Elo-A"]
[Site "Natal"]
[Date "2008.02.05"]
[Round "10"]
[White "Macedo, Maximo Iack Miranda"]
[Black "De Almeida, Benone Lopes Jr"]
[Result "1/2-1/2"]
[WhiteElo "2258"]
[BlackElo "2150"]
[PlyCount "26"]
[EventDate "2008.01.31"]
[EventType "tourn"]
[EventRounds "11"]
[EventCountry "BRA"]
[SourceTitle "EXT 2010"]
[Source "ChessBase"]
[SourceDate "2010.11.25"]
[SourceVersion "1"]
[SourceVersionDate "2010.11.25"]
[SourceQuality "1"]

1. d4 g6 2. e4 c5 3. Nf3 Bg7 4. Nc3 cxd4 5. Nxd4 Nc6 6. Be3 Nf6 7. Nxc6 bxc6 8. e5 Nd5 9. Nxd5 cxd5 10. Qxd5 Rb8 11. Bc4 0-0 12. 0-0 Qc7 13. Qc5 Qxe5 1/2-1/2

[Event "Natal Elo-A"]
[Site "Natal"]
[Date "2008.02.05"]
[Round "9"]
[White "Pinto, Carlos Henrique Lop"]
[Black "De Almeida, Benone Lopes Jr"]
[Result "1/2-1/2"]
[WhiteElo "2136"]
[BlackElo "2150"]
[PlyCount "21"]
[EventDate "2008.01.31"]
[EventType "tourn"]
[EventRounds "11"]
[EventCountry "BRA"]
[SourceTitle "EXT 2010"]
[Source "ChessBase"]
[SourceDate "2010.11.25"]
[SourceVersion "1"]
[SourceVersionDate "2010.11.25"]
[SourceQuality "1"]

1. f4 d5 2. Nf3 Nf6 3. d3 c5 4. g3 Nc6 5. Bg2 Bf5 6. Nh4 Bg4 7. h3 Bd7 8. Nc3 d4 9. Ne4 Nd5 10. c4 Nf6 11. Bd2 1/2-1/2

[Event "Natal Elo-A"]
[Site "Natal"]
[Date "2008.02.01"]
[Round "3"]
[White "Andrade, Roberto Luiz Costa"]
[Black "De Almeida, Benone Lopes Jr"]
[Result "1/2-1/2"]
[WhiteElo "2271"]
[BlackElo "2150"]
[PlyCount "31"]
[EventDate "2008.01.31"]
[EventType "tourn"]
[EventRounds "11"]
[EventCountry "BRA"]
[SourceTitle "EXT 2010"]
[Source "ChessBase"]
[SourceDate "2010.11.25"]
[SourceVersion "1"]
[SourceVersionDate "2010.11.25"]
[SourceQuality "1"]

1. e4 c5 2. Nf3 Nc6 3. d4 cxd4 4. Nxd4 Nf6 5. Nc3 e5 6. Ndb5 b6 7. Bg5 a6 8. Bxf6 gxf6 9. Na3 b5 10. Nd5 Bg7 11. c3 f5 12. Qf3 fxe4 13. Qxe4 0-0 14. Ne3 Ra7 15. Rd1 Ne7 16. Nac2 1/2-1/2